<?xml version='1.0' encoding='UTF-8'?>
  <record xmlns="http://www.loc.gov/MARC21/slim">
    <leader>00000nam a22000007i 4500</leader>
    <controlfield tag="001">ocn974105739</controlfield>
    <controlfield tag="003">OCoLC</controlfield>
    <controlfield tag="005">20250127162442.4</controlfield>
    <controlfield tag="008">991018s1780    ne            000 0 dut d</controlfield>
    <datafield tag="040" ind1=" " ind2=" ">
      <subfield code="a">QGJ</subfield>
      <subfield code="b">dut</subfield>
      <subfield code="c">QGJ</subfield>
      <subfield code="d">OCLCL</subfield>
      <subfield code="d">OCLCQ</subfield>
    </datafield>
    <datafield tag="035" ind1=" " ind2=" ">
      <subfield code="a">(OCoLC)974105739</subfield>
    </datafield>
    <datafield tag="245" ind1="0" ind2="4">
      <subfield code="a">Een schoone historie van den ridder Malegys, die het vervaarlyk paard Ros Beyaard wan en die veel wonderlyke en avontuerlyke dingen bedreef, in zyn leven met zyn konsten, gelyk de historie verklaart en is zeer genoegelyk te lezen voor jong en oud /</subfield>
      <subfield code="c">van nieuws gecorrigeerd en verbeterd naa de Fransche taal.</subfield>
    </datafield>
    <datafield tag="246" ind1="1" ind2=" ">
      <subfield code="a">Malegys</subfield>
    </datafield>
    <datafield tag="264" ind1=" " ind2="1">
      <subfield code="a">Te Amsterdam [etc.] :</subfield>
      <subfield code="b">gedrukt by de Erven de Weduwe Jacobus van Egmond [etc.],</subfield>
      <subfield code="c">[ca. 1780]</subfield>
    </datafield>
    <datafield tag="300" ind1=" " ind2=" ">
      <subfield code="a">96 p. ;</subfield>
      <subfield code="c">18 cm</subfield>
    </datafield>
    <datafield tag="336" ind1=" " ind2=" ">
      <subfield code="a">tekst</subfield>
      <subfield code="b">txt</subfield>
      <subfield code="2">rdacontent/dut</subfield>
    </datafield>
    <datafield tag="337" ind1=" " ind2=" ">
      <subfield code="a">zonder medium</subfield>
      <subfield code="b">n</subfield>
      <subfield code="2">rdamedia/dut</subfield>
    </datafield>
    <datafield tag="338" ind1=" " ind2=" ">
      <subfield code="a">band</subfield>
      <subfield code="b">nc</subfield>
      <subfield code="2">rdacarrier/dut</subfield>
    </datafield>
    <datafield tag="340" ind1=" " ind2=" ">
      <subfield code="m">4-o.</subfield>
    </datafield>
    <datafield tag="500" ind1=" " ind2=" ">
      <subfield code="a">Imprint: Te Amsterdam, gedrukt by de Erven de Weduwe Jacobus van Egmont , op de Reguliers Bree-Straat. En te Gend, by P. A. Kimpe aan de Capucienen.</subfield>
    </datafield>
    <datafield tag="530" ind1=" " ind2=" ">
      <subfield code="a">Also available in online version.</subfield>
    </datafield>
    <datafield tag="700" ind1="1" ind2=" ">
      <subfield code="a">?,</subfield>
      <subfield code="e">former owner.</subfield>
      <subfield code="4">fmo</subfield>
      <subfield code="5">NL-UtRU</subfield>
    </datafield>
    <datafield tag="740" ind1="0" ind2=" ">
      <subfield code="a">Malegijs.</subfield>
    </datafield>
    <datafield tag="758" ind1=" " ind2=" ">
      <subfield code="a">Een schoone historie van den ridder Malegys, die het vervaarlyk paard Ros Beyaard wan en die veel wonderlyke en avontuerlyke dingen bedreef, in zyn leven met zyn konsten, gelyk de historie verklaart en is zeer genoegelyk te lezen voor jong en oud (Text)</subfield>
      <subfield code="1">https://id.oclc.org/worldcat/entity/E39PCYD3tcyCBWpwCJmhR4bBdP</subfield>
      <subfield code="4">https://id.oclc.org/worldcat/ontology/hasWork</subfield>
    </datafield>
    <datafield tag="776" ind1="0" ind2="8">
      <subfield code="i">Online version:</subfield>
      <subfield code="t">Een schoone historie van den ridder Malegys, die het vervaarlyk paard Ros Beyaard wan en die veel wonderlyke en avontuerlyke dingen bedreef, in zyn leven met zyn konsten, gelyk de historie verklaart en is zeer genoegelyk te lezen voor jong en oud.</subfield>
      <subfield code="d">Te Amsterdam [etc.] : gedrukt by de Erven de Weduwe Jacobus van Egmond [etc.], [ca. 1780]</subfield>
    </datafield>
    <datafield tag="856" ind1="4" ind2="1">
      <subfield code="u">http://objects.library.uu.nl/reader/resolver.php?obj=000362393&amp;type=2</subfield>
      <subfield code="x">Online</subfield>
      <subfield code="z">Full text</subfield>
    </datafield>
    <datafield tag="936" ind1=" " ind2=" ">
      <subfield code="a">BATCHLOAD</subfield>
    </datafield>
  </record>